| 000 | 01415nam2a22002531 4500 | ||
|---|---|---|---|
| 001 | RU\NLR\INFOCOMM7\1000093312 | ||
| 005 | 20250617013517.0 | ||
| 035 | _a(NLR Aleph) 002348019 | ||
| 090 |
_a4503561 _c4503561 |
||
| 100 | _a20041115d1884 |||y0rusy50 ca | ||
| 101 | 0 | _arus | |
| 102 | _aRU | ||
| 105 | _ay ||||||||| | ||
| 200 | 0 | _a[Г.2]1884, №1/2 | |
| 210 |
_d1884 _aБ. м. |
||
| 421 | 0 |
_12001#$aБиблиографический указатель статей по инжененрному делу, получаемых Собранием инженеров путей сообщения 1883 г.$v[Вып.1-2 _1210##$aСпб.$d1884} _1309##$aПрипл. _tБиблиографический указатель статей по инжененрному делу, получаемых Собранием инженеров путей сообщения 1883 г. |
|
| 461 | 0 |
_1001RU\NLR\INFOCOMM7\1000093310 _12001#$aИзвестия Собрания инженеров путей сообщения$v[Г.2]1884, №1/2 _94503559 _aСобрание инженеров путей сообщения (Петербург) _cСПб. _d1883-1918 _tИзвестия Собрания инженеров путей сообщения _v[Г.2]1884, №1/2 |
|
| 801 | 1 |
_aRU _bInfoComm _c20041115 |
|
| 801 | 0 |
_aRU _bNLR _gPSBO |
|
| 852 |
_aNLR _j2/745низ. |
||
| 942 | _cISSUE | ||
| 980 | _aNB | ||
| 980 | _aRUSPER | ||